000 00575cam3a220018100 4500
001 tmp15347381
003 UPRA
005 20190816094417.0
008 950801s1946 po por u
035 _a(Sirsi) r124625
035 _a(UPRA)tmp15347381
040 _cUPRA
100 1 _aGalv~ao, Henrique, 1895-
_dGalv~ao, Henrique, 1895-
_6A92782.1
245 1 0 _aImpala :
_bromance dos bichos do mato /
_cilus. por J. de Moura.
260 _aLisboa :
_bLivraria Popular de Francisco Franco,
_c[1946]
949 _aPQ9261.G28
_wlcc
_i-178986
_mMAIN
_tBOOK
_lON-SHELF
004 124625
999 _c83273
_d83273